Nenne die zehn größten Städte der USA - Statistiken

Allgemein
  • Dieses Quiz wurde 961 mal gespielt
  • Das Durchschnittsergebnis liegt bei 7 aus 10
Antwortstatistiken
Einwohner Bundesstaat
Stadt
% Korrekt
8,3 Millionen New York New York
100%
4 Millionen Kalifornien Los Angeles
98%
2,7 Millionen Illinois Chicago
88%
2,32 Millionen Texas Houston
83%
1,34 Millionen Texas Dallas
80%
1,42 Millionen Kalifornien San Diego
69%
1,68 Millionen Arizona Phoenix
66%
1,58 Millionen Pennsylvania Philadelphia
65%
1,54 Millionen Texas San Antonio
46%
1,02 Millionen Kalifornien San Jose
40%
Keine übereinstimmenden Quizze gefunden
Verteilung der Resultate
Anzahl Personen mit jedem Resultat
Perzentil nach korrekt beantworteten Fragen
Ihre Resultats-Entwicklung
Sie haben dieses Quiz noch nicht gespielt